Koncesované živnosti
Úplný výpočet koncesovaných živností. V piatich skupinách je zaradených 41 druhov živností a len tieto uvedené živnosti sú koncesovanými živnosťami.
Saved in:
| Main Author: | |
|---|---|
| Format: | Book Chapter |
| Language: | Slovak |
| Subjects: | |
| Tags: |
No Tags, Be the first to tag this record!
|
MARC
| LEADER | 00000naa a2200000 4500 | ||
|---|---|---|---|
| 001 | r036982 | ||
| 005 | 20230911132656.8 | ||
| 041 | 0 | |a slo | |
| 044 | |a SK | ||
| 245 | 1 | 0 | |a Koncesované živnosti |c Katarína Horvatová |
| 520 | |a Úplný výpočet koncesovaných živností. V piatich skupinách je zaradených 41 druhov živností a len tieto uvedené živnosti sú koncesovanými živnosťami. | ||
| 610 | 2 | 0 | |a živnosti |
| 610 | 2 | 0 | |a koncesie |
| 610 | 2 | 0 | |a živnostníci |
| 610 | 2 | 0 | |a podnikanie |
| 610 | 2 | 0 | |a osoby fyzické |
| 610 | 2 | 0 | |a osoby právnické |
| 610 | 2 | 0 | |a Slovensko |
| 100 | 1 | |a Horvatová, Katarína | |